00524nam a2200193 a 4500001001300000003000900013005001700022008004100039020002300080082001700103100001300120245004500133260004600178300001000224500003500234505002400269650002400293700001300317nice12345678IN_TiNIC20260116014406.0121226s2012 dela grp 000 0 eng  a9789380731674c85000a291.172bBEG aBeg, S L aIslamb Caste And-Dalit Muslim Relations aDelhi bNavyug Books International c2012 a280p  aincludes index and biblioraphy2 aBibliography, Index aInterfaith Relation1 aBeg, S L